00489nam a22001697a 450000500170000001000130001702000230003003500130005303700140006608200070008010000240008724500430011124600340015426000490018827000620023730000200029920200609110403.0 aB-209015 c160.00a8182231639 aB-209015 bBPPD/Pub. aک aمسرور جہاں aپول صراط /cمسرور جہاں aPul Sirat /bby Masroor Jahan aDelhibEducational Publishing Housec2008 ء bDelhia3108, Vakil Street, Kucha Pandit, Lal Kuane110006 a220p.c21cm(Hb)